000 00476nam a2200169Ia 4500
005 20250423101517.0
008 250422s9999 xx 000 0 und d
020 _a9781405140430
050 _aPN 2189 .T515/
245 0 _aTheatre in theory 1900-2000 : an anthology
260 _aMalden
260 _b Blackwell Pub.
260 _c2008.
300 _a577 p
650 _a Theater --History --20th century. Drama --20th century --History and criticism.
942 _cBK
999 _c36498
_d36498